000 00476nam a2200193Ia 4500
005 20240823024105.0
008 240823s9999||||xx |||||||||||||| ||und||
041 _aENGLISH
082 _A808.83 K8
100 _a"Altick,Richard D"
245 0 _aBrowning Roman Murder Story
250 _a1st
260 _c1968
_b"The University of Chicago Press,Chicago"
500 _aYES
650 _aStory
_bGeneral
700 _a" Loucks,James F"
942 _cBK
999 _c183093
_d183093